000 01308cam a22003617a 4500
003 CHAP
005 20220329135110.0
008 971013s1987 r 00010 d
010 _a30884
011 _a31856
035 _a35968
040 _cCHAP
090 _aTesis
100 0 0 _aCota Valdez, Eva Luz.
_928556
245 1 3 _aLa capacitación de la fuerza de trabajo en ejidos colectivos
_b: el caso de la colición de ejidos colectivos del Valle del Yaqui y Mayo
260 _aChapingo, Méx. :
_bEl autor,
_c1987
300 _a67 h.
_b: ilus.
502 _aTesis (M.C. Esp. en Economía del Desarrollo Rural) UACH. Departamento de Economía Agrícola
590 _aALEPH
_b10
_c20130110
_lUCH01
_h1252
590 _aBATCH-UPD
_b10
_c20130110
_lUCH01
_h1827
590 _aBATCH-UPD
_b10
_c20130410
_lUCH01
_h1200
590 _aBATCH-UPD
_b10
_c20130914
_lUCH01
_h0838
590 _aCONVERSION
_b10
_c20130109
_lUCH01
_h1318
650 1 4 _aAgricultura
_xTrabajadores.
_91840
650 1 4 _aCapacitación.
_918690
650 1 4 _aEjidos Colectivos del Valle del Yaqui y Mayo.
_936041
650 1 4 _aEjidos
_xSonora.
_936030
650 1 4 _aTrabajo
_xOfertas de.
_9114483
901 _aBK
942 _cFOLL
949 _bBC
_cTES
_d-83012
_eTS1
_h19762
_i35968
_si
949 _bBC
_cTES
_d-83014
_eTS2
_fc.2
_h27120
_i35968
_si
999 _c30884
_d30884